Psychology and the teacher

Αποθηκεύτηκε σε:
Λεπτομέρειες βιβλιογραφικής εγγραφής
Κύριος συγγραφέας: Child, Dennis
Μορφή: Βιβλίο
Γλώσσα:English
Δημοσίευση: London : Cassell, 1997
Έκδοση:6th ed.
Θέματα:
Ετικέτες: Προσθήκη ετικέτας
Δεν υπάρχουν, Καταχωρήστε ετικέτα πρώτοι!

MARC

LEADER 00000nam a2200000 i 4500
001 1/96594
008 991215s1997 eng d
020 |a 0-304-32649-6 
035 |l 10055821 
040 |a GR-MY-UA  |b gre  |e aacr 
041 0 |a eng 
082 0 |a 370.15 
100 1 |a Child, Dennis. 
245 1 0 |a Psychology and the teacher /  |c Dennis Child 
250 |a 6th ed. 
260 |a London :   |b Cassell,   |c 1997 
300 |a 473 p. 
650 0 0 |a Educational psychology. 
650 0 0 |a Child psychology. 
852 |a INST  |b RHODES  |e 19991215  |h 370.15 CHI  |p 005400012868  |q 005400012868  |t BK  |y 0 
901 |a BIBL4-2000-1 
909 |a Ρ  |b 070520 
922 |a 4ΕΛΗ  |b 199910  |c ΚΠΣ/154  |d GLORY BOOKS 
970 |a ΚΟΥΛΑΚΙΟΤΗ  |b ΛΙΤΣΑ  |z 2000/01/13